00360nam a2200145Ia 4500008004100000020001800041041000800059082002100067100002200088245002300110260003900133300000800172365001300180700002100193140306s9999 xx 000 0 und d a9788131728024 aeng a658.3128bPHI/ST aJean, M.Philllips aStrategic Staffing aNew DelhibPearson Educationc2010 a432 bRs.450/- aStanley, M.Gully